Online
Catalog

Sistemas operativos / (Record no. 1751)

MARC details
000 -CABECERA
campo de control de longitud fija 00884cam a2200241 a 4500
001 - NÚMERO DE CONTROL
campo de control 000001874
005 - FECHA Y HORA DE LA ÚLTIMA TRANSACCIÓN
campo de control 20251020130153.0
008 - DATOS DE LONGITUD FIJA--INFORMACIÓN GENERAL
campo de control de longitud fija 971105s1998 sp b 001 0 spa
020 ## - NÚMERO INTERNACIONAL ESTÁNDAR DEL LIBRO
Número Internacional Estándar del Libro 8489660220
040 ## - FUENTE DE LA CATALOGACIÓN
Centro catalogador/agencia de origen DO-SdBNP
Centro/agencia transcriptor DLC
Centro/agencia modificador DLC
082 ## - NÚMERO DE LA CLASIFICACIÓN DECIMAL DEWEY
Número de clasificación 005.43
Número de documento/Ítem S782s, 1998
100 1# - ENTRADA PRINCIPAL--NOMBRE DE PERSONA
Nombre de persona Stallings, William.
9 (RLIN) 6121
245 10 - MENCIÓN DE TÍTULO
Título Sistemas operativos /
Mención de responsabilidad, etc. William Stallings ; traducción, Juan Manuel Dodero Beardo, Enrique Torres Franco, Miguel Katrib Mora ; revisión Luis Joyanes Aguilar.
250 ## - MENCIÓN DE EDICIÓN
Mención de edición 2a ed.
260 ## - PUBLICACIÓN, DISTRIBUCIÓN, ETC.
Lugar de publicación, distribución, etc. Madrid :
Nombre del editor, distribuidor, etc. Prentice Hall,
Fecha de publicación, distribución, etc. 1998.
300 ## - DESCRIPCIÓN FÍSICA
Extensión xx, 707 p. ;
Dimensiones 25 cm.
650 #0 - PUNTO DE ACCESO ADICIONAL DE MATERIA--TÉRMINO DE MATERIA
Término de materia o nombre geográfico como elemento de entrada Sistemas operativos (Computadoras)
9 (RLIN) 101
700 1# - PUNTO DE ACCESO ADICIONAL--NOMBRE DE PERSONA
Nombre de persona Dodero Beardo, Juan Manuel
Término indicativo de función/relación tr.
9 (RLIN) 6122
700 1# - PUNTO DE ACCESO ADICIONAL--NOMBRE DE PERSONA
Nombre de persona Torres Franco, Enrique
Término indicativo de función/relación tr.
9 (RLIN) 6123
700 1# - PUNTO DE ACCESO ADICIONAL--NOMBRE DE PERSONA
Nombre de persona Katrib Mora, Miguel.
Término indicativo de función/relación tr.
9 (RLIN) 6124
700 1# - PUNTO DE ACCESO ADICIONAL--NOMBRE DE PERSONA
Nombre de persona Joyanes Aguilar, Luis.
Término indicativo de función/relación rev.
9 (RLIN) 6125
910 ## - DATOS DE OPCIÓN DEL USUARIO (OCLC)
Datos de opción del usuario Catalogación por copia / LC
Holdings
Estado de retiro Estado de pérdida Restricciones de uso No para préstamo Código de colección Localización permanente Ubicación/localización actual Ubicación en estantería Fecha de adquisición Número de inventario Total de préstamos Signatura topográfica completa Código de barras Fecha visto por última vez Número de copia Precio válido a partir de Tipo de ítem Koha Fuente de adquisición
    Préstamo restringido Préstamo restrigido Monografías: Libros y Folletos General General Depósito 07.07.2009 LF1   005.43 S782s, 1998 1874-30 25.06.2020 e.2 25.06.2020 Préstamo interno  
    Préstamo interno   Monografías: Libros y Folletos General General Depósito 07.07.2009 LF1   005.43 S782s, 1998 1874-20 25.06.2020   25.06.2020 Préstamo interno 002344

Powered by Koha